01313 a2200241 4500003000500000005001700005020001800022035001900040040000900059082001600068100005600084245013900140260004200279300002200321440004600343505052700389650001900916650002100935650003500956700002600991700002701017700002701044Nust20220804132635.0 a0-8247-5057-8 a(Uk)0824750578 cNust04a621.367,IMA aKiyoharu Aizawa, Katsuhiko Sakaue, Yasuhito Suenaga10aImage processing technologies :balgorithms, sensors and applications /cedited by Kiyoharu Aizawa, Katsuhiko Sakaue, Yasuhito Suenaga aNew York :bMarcel Dekker,ccop. 2004 ax, 282 p. :bill. 0aSignal processing and communications,v23 aPassive Range Sensing Techniques (Page-1), Optimization Approaches in Compute Vision and Image Processing (Page-27), Motion and Shape from Sequences of Images under Feature Correspondences (Page-55), Compression and Representation of 3D Images (Page-90), Omnidirectional Sensing and its Applications (Page-116), Computational Sensors (Page-142), Processing and Recognition of Face Images and its Applications (Page-162), Document Analysis and Recognition (Page-212), Recent Progress in Medical Image Processing (Page-233). 7aBildbehandling 7aImage processing 7aTelecommunication Engineering.1 aAizawa, Kiyoharu4edt1 aSakaue, Katsuhiko4edt1 aSuenaga, Yasuhito4edt